000 00508nam a22001577a 4500
999 _c1367
_d1367
008 200123b ||||| |||| 00| 0 eng d
082 0 0 _a623.8
_bM2832
100 _9398
_aManning, George C.
245 1 0 _aManual of naval architecture; the fundamental principles of naval architecture, ship-design and construction for masters and mates
_cby George C Manning
250 _a8th
260 _aLondon
_bVan Nostrand
_c1930
300 _axiv,183p.
365 _d15.12
650 0 _aNaval Architecture
942 _cBK